| 000 | 00728nam a2200217Ia 4500 | ||
|---|---|---|---|
| 005 | 20260127114335.0 | ||
| 008 | 210716s9999 xx 000 0 und d | ||
| 020 | _a8125910042 | ||
| 040 | _cAIMIT LIBRARY | ||
| 041 | _aeng | ||
| 082 |
_a658.001 _26 _bDWID |
||
| 100 |
_aDwivedi, D N. _919916 |
||
| 245 |
_aManagerial economics / _cBy D. N.Dwivedi. |
||
| 250 |
_a6th ed. _b6th Revised Edition. |
||
| 260 |
_aNew Delhi : _bVikas Publishing House Pvt Ltd , _c2001 . |
||
| 300 |
_axxvi,779p. ; _c24 cm. _bPB |
||
| 650 |
_aSome Decision Rules and Tools of Analysis. _919917 |
||
| 650 |
_aAnalysis of Market Demand and Demand Elasticities. _919918 |
||
| 650 |
_aLinear programming _9252775 |
||
| 942 |
_2ddc _cBK _e6th _k658.001 DWID |
||
| 999 |
_c184393 _d184393 |
||